[Event "West Wales op"]
[Site "Swansea"]
[Date "2017.11.18"]
[Round "2"]
[White "Boyd, C Christopher"]
[Black "Guy, David T"]
[Result "0-1"]
[WhiteElo "1950"]
[BlackElo "1850"]
[PlyCount "68"]
[EventDate "2017.11.17"]
[EventType "swiss"]
[EventRounds "5"]
[EventCountry "WLS"]
[SourceTitle "EXT 2020"]
[Source "ChessBase"]
[SourceDate "2019.10.17"]
[SourceVersion "1"]
[SourceVersionDate "2019.10.17"]
[SourceQuality "1"]

1. e4 e5 2. Nc3 Nf6 3. Bc4 Nc6 4. d3 h6 5. a3 Bc5 6. Nf3 a6 7. 0-0 d6 8. h3 0-0 9. b4 Ba7 10. Bb2 b5 11. Ba2 Bb7 12. Ne2 Ne7 13. Ng3 Ng6 14. Qd2 Re8 15. Nf5 Nf4 16. Kh2 Qd7 17. g3 Bxe4 18. dxe4 Nxe4 19. Qe1 Qxf5 20. gxf4 Qxf4+ 21. Kg2 Bxf2 22. Rxf2 Qg3+ 23. Kf1 Qxh3+ 24. Ke2 Qg4 25. Bd5 Nxf2 26. Bxa8 e4 27. Kxf2 Qxf3+ 28. Kg1 Re6 29. Qf2 Rg6+ 30. Kf1 Qh3+ 31. Ke1 Rg2 32. Bxe4 Qh1+ 33. Ke2 Rxf2+ 34. Kxf2 Qxe4 0-1